| 000 | 01365nam a2200205 4500 | ||
|---|---|---|---|
| 001 | 113965 | ||
| 003 | DR-UNIBE | ||
| 005 | 20250729084752.0 | ||
| 008 | 250728b sp ||||| |||| 00| 0 spa d | ||
| 040 |
_aBIBLIOTECA UNIBE _bspa _cBIBLIOTECA UNIBE _erda |
||
| 041 | _aspa | ||
| 082 |
_222 _a342.46 E76c |
||
| 110 | 1 | 0 |
_aEspaña. Constitución _eautor _9100326 |
| 245 | 1 | 0 |
_a Constitución española : _baprobada por las Cortes el 31 de octubre de 1978. Ratificada por el pueblo españl en referendum de 6 de diciembre de 1978. Sancionada por S.M. el Rey ante las Cortes el 27 de diciembre de 1978 y publicada en el Boletín Oficial del Estado el 29 de diciembre de 1978 |
| 260 |
_a Madrid : _bEditorial Goñi, _c[Fecha no identificada] |
||
| 300 |
_a88 páginas : _c14 x 10 cm |
||
| 505 | _aPreámbulo | Título preliminar | Título primero. De los derechos y deberes fundamentales | Título II. De la corona | Título III. De las cortes generales | Título IV. Del gobierno y de la administración | Título V. De kas relaciones entre el Gobierno y las Cortes geberales Título VI. Del poder judicial | Título VII. Economía y hacienda | Título VIII. De la organización territorial del Estado | Título IX. Del tribunal constitucional | Título X. De la reforma constitucional | ||
| 651 | 7 |
_aEspaña _xConstitución (1978) _9197775 |
|
| 942 |
_2ddc _cBK |
||
| 999 |
_c113965 _d113965 |
||